00628nam a2200205Ia 4500008004100000020002200041050001300063050000900076100001600085245002900101245001600130260001500146260001800161260000900179300001600188300001100204650007600215999001900291952011200310200601s9999 xx 000 0 und d a978-0-525-42600-4 aFIC G82f b2012 aGreen, John 4aThe Fault in our stars / 0cJohn Green. aNew York : bDutton Books. c2012 a318 pages : c21 cm. a1. Cancer -- Fiction. 2. Terminally ill -- Fiction. 3. Love -- Fiction. c363433d363433 001040aSMCbSMCcFICd0000-00-00g399.00l0oFIC G82f 2012pSMC05951r2020-06-01 00:00:00w2020-06-01yBK